00449nam a2200145Ia 4500008004100000020001800041041000800059082001700067100005100084245008100135250000600216260004700222300001400269650002000283210716s2016 xx 000 0 und d a9789352602148 aeng a621.395 KANS aKang, Sung Mo; Leblebici, Yusuf; Kim, Chulwoo. aCMOS Digital integrated circuits: analysis and design.bAnalysis and design. a4 aNew DelhibMc Graw Hill Book Companyc2016 axviii,714 aDigital Systems